Statistics for Byzantine Empire and Present Day Countries

Click here to take the quiz!

General Stats

  • This quiz has been taken 578 times
  • The average score is 30 of 35

Answer Stats

Country % Correct
Turkey
99%
Greece
98%
Italy
95%
Syria
94%
Israel
94%
Egypt
93%
Bulgaria
92%
Romania
91%
Serbia
91%
Iraq
90%
Albania
90%
Croatia
90%
Armenia
89%
Libya
88%
Bosnia and Herzegovina
88%
Algeria
88%
Macedonia
87%
Tunisia
87%
Lebanon
87%
Jordan
87%
Russia
86%
Georgia
86%
Cyprus
85%
Montenegro
84%
Slovenia
84%
Spain
84%
Ukraine
84%
Saudi Arabia
83%
France
82%
Morocco
81%
Malta
80%
Moldova
76%
Portugal
73%
Vatican City
72%
San Marino
71%

Score Distribution

Percentile by Number Answered

Percent of People with Each Score

Your Score History

You have not taken this quiz